00401nam a2200169Ia 4500003000400000005001700004008004000021040000700061041001000068082001900078100002100097245004100118260003100159300000700190650001200197700002200209OSt20240813091840.0210210b1989 xxu||||| |||| 00| 0 eng d cAL aHindi a809.88914 SAHB aSAHITYA AKADEMI. aBharati: Makers of Indian literature aN DbSahitya Akademic1989 a86 aBharati aPrema Nandakumar.